[Event "GER-chT U10"]
[Site "Magdeburg"]
[Date "2016.12.29"]
[Round "6.1"]
[White "Mras, Anton"]
[Black "Kocharin, Timur"]
[Result "0-1"]
[WhiteElo "921"]
[BlackElo "1037"]
[PlyCount "60"]
[EventDate "2016.12.27"]
[EventType "team-swiss"]
[EventRounds "7"]
[EventCountry "GER"]
[SourceTitle "EXT 2018"]
[Source "ChessBase"]
[SourceDate "2017.10.13"]
[SourceVersion "1"]
[SourceVersionDate "2017.10.13"]
[SourceQuality "1"]
[WhiteTeam "Stade II"]
[BlackTeam "Bebenhausen"]
[WhiteTeamCountry "GER"]
[BlackTeamCountry "GER"]

1. d4 d5 2. c4 c6 3. Nc3 Nf6 4. Bg5 e6 5. e3 Be7 6. Bd3 Nbd7 7. Nge2 0-0 8. Qd2 dxc4 9. Bxc4 b5 10. Bb3 a5 11. Bc2 b4 12. Na4 c5 13. dxc5 Nxc5 14. Qxd8 Rxd8 15. Bxf6 gxf6 16. Nxc5 Bxc5 17. 0-0 Rd2 18. Bd1 Ba6 19. Nf4 Bxf1 20. Kxf1 Rad8 21. Bf3 Rxb2 22. Be2 Rdd2 23. h3 e5 24. Nd3 Rxe2 25. Nxb2 Rxb2 26. Rc1 Bxe3 27. fxe3 Rxa2 28. Rc4 b3 29. Rc1 Rc2 30. Rb1 b2 0-1

[Event "GER-chT U10"]
[Site "Magdeburg"]
[Date "2016.12.27"]
[Round "1.1"]
[White "Mras, Anton"]
[Black "Zoellner, Bente"]
[Result "0-1"]
[WhiteElo "921"]
[BlackElo "1402"]
[PlyCount "72"]
[EventDate "2016.12.27"]
[EventType "team-swiss"]
[EventRounds "7"]
[EventCountry "GER"]
[SourceTitle "EXT 2018"]
[Source "ChessBase"]
[SourceDate "2017.10.13"]
[SourceVersion "1"]
[SourceVersionDate "2017.10.13"]
[SourceQuality "1"]
[WhiteTeam "Stade II"]
[BlackTeam "Stade"]
[WhiteTeamCountry "GER"]
[BlackTeamCountry "GER"]

1. d4 Nf6 2. Bf4 d5 3. e3 Bf5 4. Be2 e6 5. Bd3 Bxd3 6. Qxd3 Bd6 7. Bg5 Nbd7 8. Nc3 c5 9. Nge2 0-0 10. 0-0-0 Qa5 11. Qb5 Qxb5 12. Nxb5 Ne4 13. Bh4 g5 14. Bg3 Bxg3 15. fxg3 Nf2 16. Rhf1 Nxd1 17. Rxd1 a6 18. Nbc3 cxd4 19. exd4 b5 20. a3 Rfc8 21. b4 Nb6 22. Kb2 Nc4+ 23. Kb3 Ne3 24. Rg1 Rc4 25. h4 gxh4 26. gxh4 Nf5 27. h5 Nxd4+ 28. Nxd4 Rxd4 29. Rh1 Rc8 30. Kb2 Kg7 31. Rh3 Rdc4 32. g4 Kh6 33. Nb1 Rxc2+ 34. Kb3 Kg5 35. Nc3 Kxg4 36. Rh1 R8xc3# 0-1